[Event "SVK-chT1W 2223"]
[Site "Slovakia"]
[Date "2023.03.11"]
[Round "10.3"]
[White "Bednar, Jaromir"]
[Black "Federic, Jozef"]
[Result "1-0"]
[WhiteElo "2215"]
[BlackElo "2228"]
[PlyCount "83"]
[EventDate "2022.10.15"]
[EventType "team-tourn"]
[EventRounds "11"]
[EventCountry "SVK"]
[SourceTitle "EXT 2024"]
[Source "ChessBase"]
[SourceDate "2023.10.10"]
[SourceVersion "1"]
[SourceVersionDate "2023.10.10"]
[SourceQuality "1"]
[WhiteTeam "Dubnica nad Vahom II"]
[BlackTeam "Bratislava Doprastav"]
[WhiteTeamCountry "SVK"]
[BlackTeamCountry "SVK"]

1. e4 c5 2. Nf3 e6 3. d3 Nc6 4. Nbd2 d6 5. g3 Be7 6. Bg2 h5 7. h3 e5 8. c3 Bf6 9. Nc4 Nge7 10. h4 b5 11. Ne3 Rb8 12. Ng5 Qc7 13. f4 exf4 14. gxf4 b4 15. Bd2 bxc3 16. bxc3 Ba6 17. Bf1 Qa5 18. Rc1 Rb2 19. a4 Qb6 20. Be2 Na5 21. 0-0 Qb3 22. Qe1 Qb8 23. Rc2 Rxc2 24. Nxc2 Qb3 25. Bd1 Qb6 26. c4 Nb3 27. a5 Qc7 28. Bc3 Nd4 29. Nxd4 Bxd4+ 30. Bxd4 cxd4 31. Ba4+ Kf8 32. Qb4 Rh6 33. e5 Nf5 34. Rb1 Qc8 35. Qb8 dxe5 36. Qxa7 Nd6 37. Rb8 Rg6 38. fxe5 f6 39. Rxc8+ Bxc8 40. exd6 fxg5 41. Qe7+ Kg8 42. hxg5 1-0

[Event "SVK-chT1W 2223"]
[Site "Slovakia"]
[Date "2022.12.03"]
[Round "5.3"]
[White "Bednar, Jaromir"]
[Black "Jakubek, Peter"]
[Result "1-0"]
[WhiteElo "2215"]
[BlackElo "2139"]
[PlyCount "97"]
[EventDate "2022.10.15"]
[EventType "team-tourn"]
[EventRounds "11"]
[EventCountry "SVK"]
[SourceTitle "EXT 2024"]
[Source "ChessBase"]
[SourceDate "2023.10.10"]
[SourceVersion "1"]
[SourceVersionDate "2023.10.10"]
[SourceQuality "1"]
[WhiteTeam "Dubnica nad Vahom II"]
[BlackTeam "Povazska Bystrica"]
[WhiteTeamCountry "SVK"]
[BlackTeamCountry "SVK"]

1. e4 c6 2. d3 d5 3. Nd2 e5 4. Ngf3 Nd7 5. g3 Ngf6 6. Bg2 Bd6 7. 0-0 0-0 8. Qe2 Re8 9. Nh4 Nf8 10. h3 Ng6 11. Nxg6 hxg6 12. Nf3 dxe4 13. dxe4 Qb6 14. Rd1 Bc5 15. c3 a5 16. b3 Nh5 17. Kf1 Qc7 18. Be3 Qb6 19. Bxc5 Qxc5 20. c4 a4 21. Rab1 axb3 22. axb3 Nf6 23. Kg1 Qb4 24. Qc2 Nd7 25. Ne1 Nc5 26. Qb2 Be6 27. Nc2 Qb6 28. b4 Na4 29. Qb3 Qc7 30. Ne3 Nb6 31. Qc3 Ra2 32. c5 Nd7 33. Rb2 Rxb2 34. Qxb2 Ra8 35. Nd5 cxd5 36. exd5 Nf8 37. dxe6 Nxe6 38. Ra1 Rxa1+ 39. Qxa1 b6 40. c6 b5 41. Bd5 Kf8 42. Bxe6 fxe6 43. Qa6 Qd8 44. Qxb5 Qd1+ 45. Kh2 Qd4 46. Kg1 Qd1+ 47. Kg2 e4 48. c7 Qf3+ 49. Kg1 1-0

[Event "SVK-chT2C 2223"]
[Site "Slovakia"]
[Date "2022.11.27"]
[Round "6.2"]
[White "Durnik, Stefan"]
[Black "Bednar, Jaromir"]
[Result "0-1"]
[WhiteElo "2076"]
[BlackElo "2213"]
[PlyCount "43"]
[EventDate "2022.10.08"]
[EventType "team-tourn"]
[EventRounds "11"]
[EventCountry "SVK"]
[SourceTitle "EXT 2024"]
[Source "ChessBase"]
[SourceDate "2023.10.10"]
[SourceVersion "1"]
[SourceVersionDate "2023.10.10"]
[SourceQuality "1"]
[WhiteTeam "Martin Medea"]
[BlackTeam "Ondrasova Krivan"]
[WhiteTeamCountry "SVK"]
[BlackTeamCountry "SVK"]

1. f4 e5 2. e4 d5 3. exd5 e4 4. d3 Nf6 5. Nd2 e3 6. Nc4 Nxd5 7. Nxe3 Qe7 8. Qf3 Be6 9. Ne2 Nxe3 10. Qxe3 Nc6 11. a3 0-0-0 12. Bd2 Qd7 13. Bc3 Kb8 14. 0-0-0 Qd5 15. Qe4 Qa2 16. f5 Bd5 17. Qa4 g6 18. Rg1 Bh6+ 19. Nf4 Nd4 20. Qxd4 Bf3 21. g3 Rxd4 22. Bxd4 0-1

[Event "SVK-chT2C 2223"]
[Site "Slovakia"]
[Date "2022.11.26"]
[Round "5.3"]
[White "Macko, Michal"]
[Black "Bednar, Jaromir"]
[Result "0-1"]
[WhiteElo "2141"]
[BlackElo "2213"]
[PlyCount "148"]
[EventDate "2022.10.08"]
[EventType "team-tourn"]
[EventRounds "11"]
[EventCountry "SVK"]
[SourceTitle "EXT 2024"]
[Source "ChessBase"]
[SourceDate "2023.10.10"]
[SourceVersion "1"]
[SourceVersionDate "2023.10.10"]
[SourceQuality "1"]
[WhiteTeam "Liptov Chess School III"]
[BlackTeam "Ondrasova Krivan"]
[WhiteTeamCountry "SVK"]
[BlackTeamCountry "SVK"]

1. e4 Nf6 2. e5 Nd5 3. d4 d6 4. Nf3 Bg4 5. Be2 e6 6. 0-0 Be7 7. c4 Nb6 8. exd6 cxd6 9. Nc3 0-0 10. Be3 Nc6 11. b3 Bf6 12. Rc1 d5 13. c5 Nc8 14. Qd2 N8e7 15. h3 Bf5 16. Nb5 Be4 17. Nd6 Nf5 18. Nxb7 Qc7 19. Nd6 Bxf3 20. Bxf3 Nfxd4 21. Bxd4 Nxd4 22. Be2 Nxe2+ 23. Qxe2 a6 24. Rfe1 Bg5 25. Rc3 Bf4 26. Qd3 Bxd6 27. cxd6 Qxd6 28. Rec1 a5 29. Rc5 Rfd8 30. Qd2 Qb6 31. Qd4 Qb4 32. Qe5 a4 33. bxa4 Rxa4 34. Qd6 Raa8 35. Qc7 h6 36. R1c2 d4 37. R5c4 Qd6 38. Qxd6 Rxd6 39. Rd2 d3 40. f3 Rxa2 41. Rxa2 d2 42. Rxd2 Rxd2 43. h4 g6 44. Kh2 Kg7 45. Rc7 Kf6 46. Kg3 Kg7 47. Ra7 Kf6 48. Rb7 g5 49. hxg5+ hxg5 50. Ra7 Kg6 51. Rb7 f5 52. Rb8 Rd7 53. Ra8 Kf6 54. Rb8 Re7 55. Rb2 e5 56. Ra2 Re6 57. Rb2 e4 58. fxe4 fxe4 59. Kf2 Ke5 60. Ke3 Rd6 61. Rb3 Rd5 62. Ra3 Kf5 63. Rb3 Kg4 64. Rb4 Rd8 65. Rxe4+ Kg3 66. Ke2 Rf8 67. Re7 g4 68. Re6 Kxg2 69. Re7 g3 70. Re6 Ra8 71. Re7 Kg1 72. Re6 g2 73. Re7 Rh8 74. Kf3 Kh1 0-1

[Event "SVK-chT3B2 2223"]
[Site "Slovakia"]
[Date "2022.11.06"]
[Round "2.1"]
[White "Bednar, Jaromir"]
[Black "Motuzova, Marta"]
[Result "1-0"]
[WhiteElo "2213"]
[BlackElo "1775"]
[PlyCount "61"]
[EventDate "2022.10.23"]
[EventType "team-tourn"]
[EventRounds "11"]
[EventCountry "SVK"]
[SourceTitle "EXT 2024"]
[Source "ChessBase"]
[SourceDate "2023.10.10"]
[SourceVersion "1"]
[SourceVersionDate "2023.10.10"]
[SourceQuality "1"]
[WhiteTeam "Belusa II"]
[BlackTeam "Puchov Vcielka"]
[WhiteTeamCountry "SVK"]
[BlackTeamCountry "SVK"]

1. e4 e6 2. d3 d5 3. Nd2 Nf6 4. Ngf3 Be7 5. g3 c5 6. Bg2 Nc6 7. 0-0 0-0 8. Re1 Qc7 9. c3 dxe4 10. dxe4 Rd8 11. e5 Nd7 12. Qe2 b6 13. h4 Bb7 14. Nf1 Na5 15. b3 h6 16. Bf4 Nf8 17. h5 Rd7 18. N1h2 Rad8 19. Ng4 Rd3 20. Rec1 Nh7 21. Ne1 R3d7 22. Nf6+ Bxf6 23. exf6 Qc8 24. fxg7 Bxg2 25. Nxg2 Ng5 26. Bxg5 hxg5 27. Qe5 Rd5 28. Qf6 Qb8 29. Qh6 f6 30. Qg6 g4 31. h6 1-0

[Event "SVK-chT1W 2223"]
[Site "Slovakia"]
[Date "2022.10.15"]
[Round "1.3"]
[White "Rohacek, Miroslav"]
[Black "Bednar, Jaromir"]
[Result "1-0"]
[WhiteElo "2219"]
[BlackElo "2215"]
[PlyCount "81"]
[EventDate "2022.10.15"]
[EventType "team-tourn"]
[EventRounds "11"]
[EventCountry "SVK"]
[SourceTitle "EXT 2024"]
[Source "ChessBase"]
[SourceDate "2023.10.10"]
[SourceVersion "1"]
[SourceVersionDate "2023.10.10"]
[SourceQuality "1"]
[WhiteTeam "Bratislava KSN"]
[BlackTeam "Dubnica nad Vahom II"]
[WhiteTeamCountry "SVK"]
[BlackTeamCountry "SVK"]

1. e4 c6 2. d4 d6 3. Nc3 Nd7 4. Nf3 e5 5. Bc4 Be7 6. dxe5 dxe5 7. Ng5 Bxg5 8. Qh5 Qf6 9. Bxg5 Qg6 10. Qxg6 hxg6 11. a4 a5 12. 0-0-0 Ngf6 13. f3 Nf8 14. Nb1 Ne6 15. Be3 Bd7 16. Na3 0-0 17. Rd6 Rfe8 18. g4 Re7 19. Rhd1 Bc8 20. Bb6 Nd7 21. Bxe6 Nxb6 22. Bxc8 Nxc8 23. Rd8+ Kh7 24. R1d7 Nb6 25. Rxe7 Rxd8 26. Rxb7 Nxa4 27. Rxf7 Nb6 28. Rb7 Nd7 29. Nc4 Nc5 30. Re7 Rf8 31. Nxe5 a4 32. Kd2 Rb8 33. Kc3 a3 34. bxa3 Na4+ 35. Kd3 Rd8+ 36. Kc4 Rd2 37. g5 c5 38. Re8 Nb6+ 39. Kb5 Rxc2 40. Nf7 Rb2+ 41. Kc6 1-0

[Event "CZE-chT2E 2122"]
[Site "Czech Republic"]
[Date "2022.01.30"]
[Round "7.1"]
[White "Bednar, Jaromir"]
[Black "Husek, Martin"]
[Result "0-1"]
[WhiteElo "2214"]
[BlackElo "2181"]
[PlyCount "58"]
[EventDate "2021.10.17"]
[EventType "team-tourn"]
[EventRounds "11"]
[EventCountry "CZE"]
[SourceTitle "EXT 2024"]
[Source "ChessBase"]
[SourceDate "2023.10.10"]
[SourceVersion "1"]
[SourceVersionDate "2023.10.10"]
[SourceQuality "1"]
[WhiteTeam "Zlin"]
[BlackTeam "Stare Mesto II"]
[WhiteTeamCountry "CZE"]
[BlackTeamCountry "CZE"]

1. e4 c5 2. Nf3 e6 3. d3 Nc6 4. Nbd2 d6 5. g3 g6 6. Bg2 Bg7 7. 0-0 Nge7 8. Re1 0-0 9. h4 e5 10. c3 h6 11. Nb3 Bg4 12. Qc2 Qd7 13. Nh2 Be6 14. f4 b6 15. Be3 d5 16. fxe5 d4 17. Bf4 Nxe5 18. c4 Rae8 19. Nd2 N7c6 20. a3 a5 21. b3 f6 22. Ndf3 g5 23. hxg5 fxg5 24. Bd2 Ng6 25. Reb1 g4 26. Ne1 Qd6 27. Nf1 Rxf1+ 28. Kxf1 Qxg3 29. Ke2 Nh4 0-1

[Event "CZE-chT2E 2122"]
[Site "Czech Republic"]
[Date "2021.11.21"]
[Round "3.2"]
[White "Bednar, Jaromir"]
[Black "Zpevakova, Jana"]
[Result "1-0"]
[WhiteElo "2214"]
[BlackElo "2090"]
[PlyCount "49"]
[EventDate "2021.10.17"]
[EventType "team-tourn"]
[EventRounds "11"]
[EventCountry "CZE"]
[SourceTitle "EXT 2024"]
[Source "ChessBase"]
[SourceDate "2023.10.10"]
[SourceVersion "1"]
[SourceVersionDate "2023.10.10"]
[SourceQuality "1"]
[WhiteTeam "Zlin"]
[BlackTeam "Brno Lokomotiva"]
[WhiteTeamCountry "CZE"]
[BlackTeamCountry "CZE"]

1. e4 c6 2. d3 d5 3. Nd2 e6 4. Ngf3 Bd6 5. g3 Nd7 6. Qe2 Ne7 7. Bg2 Bc7 8. 0-0 0-0 9. Re1 b5 10. h4 a5 11. Nf1 Ba6 12. h5 b4 13. Bg5 h6 14. Bh4 a4 15. Nd4 Bb7 16. exd5 cxd5 17. Nxe6 fxe6 18. Qxe6+ Rf7 19. Bxe7 Qxe7 20. Qxe7 Rxe7 21. Rxe7 Rd8 22. Bh3 Bc6 23. Be6+ Kh8 24. Bf7 Bd6 25. Re8+ 1-0

[Event "SVK-chT2C 1920"]
[Site "Slovakia"]
[Date "2020.02.16"]
[Round "9.2"]
[White "Hrnciar, Roman"]
[Black "Bednar, Jaromir"]
[Result "1/2-1/2"]
[WhiteElo "2072"]
[BlackElo "2230"]
[PlyCount "45"]
[EventDate "2019.10.26"]
[EventType "team-tourn"]
[EventRounds "11"]
[EventCountry "SVK"]
[SourceTitle "CBM 195 Extra"]
[Source "ChessBase"]
[SourceDate "2020.05.31"]
[SourceVersion "1"]
[SourceVersionDate "2020.05.31"]
[SourceQuality "1"]
[WhiteTeam "Bziny"]
[BlackTeam "Ondrasova Krivan"]
[WhiteTeamCountry "SVK"]
[BlackTeamCountry "SVK"]

1. f4 Nf6 2. Nf3 g6 3. b3 Bg7 4. Bb2 0-0 5. e3 d6 6. Be2 e5 7. fxe5 Ng4 8. 0-0 Nc6 9. Nc3 d5 10. Nb5 a6 11. Nbd4 Ncxe5 12. Nxe5 Nxe5 13. Kh1 Qd6 14. c4 c5 15. Nc2 dxc4 16. bxc4 Be6 17. d3 Rad8 18. Ne1 f5 19. Rb1 Rd7 20. Qc2 Bh6 21. Qc3 Bg7 22. Qc2 Bh6 23. Qc3 1/2-1/2

[Event "SVK-chT2C 1920"]
[Site "Slovakia"]
[Date "2020.02.15"]
[Round "8.2"]
[White "Bednar, Jaromir"]
[Black "Lednicky, Martin"]
[Result "1/2-1/2"]
[WhiteElo "2230"]
[BlackElo "2186"]
[PlyCount "24"]
[EventDate "2019.10.26"]
[EventType "team-tourn"]
[EventRounds "11"]
[EventCountry "SVK"]
[SourceTitle "CBM 195 Extra"]
[Source "ChessBase"]
[SourceDate "2020.05.31"]
[SourceVersion "1"]
[SourceVersionDate "2020.05.31"]
[SourceQuality "1"]
[WhiteTeam "Ondrasova Krivan"]
[BlackTeam "Rajecke Teplice"]
[WhiteTeamCountry "SVK"]
[BlackTeamCountry "SVK"]

1. Nf3 Nf6 2. g3 g6 3. Bg2 Bg7 4. d3 0-0 5. e4 d6 6. h3 e5 7. Nbd2 Re8 8. 0-0 Nbd7 9. Nc4 Nf8 10. a4 h6 11. Bd2 Be6 12. Re1 Qd7 1/2-1/2

[Event "SVK-chT2C 1920"]
[Site "Slovakia"]
[Date "2019.11.16"]
[Round "3.2"]
[White "Vyparina, Matej"]
[Black "Bednar, Jaromir"]
[Result "1/2-1/2"]
[WhiteElo "2224"]
[BlackElo "2230"]
[PlyCount "26"]
[EventDate "2019.10.26"]
[EventType "team-tourn"]
[EventRounds "11"]
[EventCountry "SVK"]
[SourceTitle "CBM 193 Extra"]
[Source "ChessBase"]
[SourceDate "2020.01.31"]
[SourceVersion "1"]
[SourceVersionDate "2020.01.31"]
[SourceQuality "1"]
[WhiteTeam "Zilina Mladost III"]
[BlackTeam "Ondrasova Krivan"]
[WhiteTeamCountry "SVK"]
[BlackTeamCountry "SVK"]

1. e4 c6 2. Nc3 e5 3. Nf3 d6 4. d4 Nd7 5. Bc4 Be7 6. dxe5 dxe5 7. Ng5 Bxg5 8. Qh5 Qf6 9. Bxg5 Qg6 10. Qxg6 hxg6 11. a4 Ngf6 12. f3 Nc5 13. Bd3 Be6 1/2-1/2

[Event "SVK-chT2C 1819"]
[Site "Slovakia"]
[Date "2019.03.03"]
[Round "9.2"]
[White "Bednar, Jaromir"]
[Black "Sankova, Stella"]
[Result "1-0"]
[WhiteElo "2283"]
[BlackElo "2015"]
[PlyCount "101"]
[EventDate "2018.10.13"]
[EventType "team-tourn"]
[EventRounds "11"]
[EventCountry "SVK"]
[SourceTitle "CBM 189 Extra"]
[Source "ChessBase"]
[SourceDate "2019.06.03"]
[SourceVersion "1"]
[SourceVersionDate "2019.06.03"]
[SourceQuality "1"]
[WhiteTeam "Ruzomberok Montana"]
[BlackTeam "Zvolen Slavia"]
[WhiteTeamCountry "SVK"]
[BlackTeamCountry "SVK"]

1. e4 c5 2. Nf3 d6 3. c3 Nf6 4. h3 Bd7 5. Bd3 Bc6 6. Qe2 e6 7. Bc2 Be7 8. d4 Nbd7 9. a4 a6 10. c4 cxd4 11. Nxd4 Qb6 12. Qe3 Rc8 13. Nc3 Ne5 14. b3 Bd7 15. 0-0 0-0 16. Nf5 Bd8 17. Ne7+ Kh8 18. Nxc8 Bxc8 19. Qxb6 Bxb6 20. Rd1 Rd8 21. Ba3 Nc6 22. Rab1 Nd4 23. Bd3 e5 24. b4 Be6 25. Nd5 Nd7 26. a5 Ba7 27. Rd2 Rc8 28. Kf1 g6 29. Bb2 f5 30. exf5 gxf5 31. f4 Kg7 32. fxe5 dxe5 33. Re1 Kh6 34. Rdd1 Rf8 35. Nc7 Bg8 36. c5 Bb8 37. Bxd4 Bxc7 38. Bc3 e4 39. Be2 Be6 40. Kf2 Rg8 41. g4 f4 42. Bf3 e3+ 43. Kg2 Be5 44. Bxe5 Nxe5 45. Rd6 Rg6 46. Bxb7 Bc4 47. Be4 Rxd6 48. cxd6 Bb5 49. Rc1 e2 50. Kf2 Nd7 51. Bf5 1-0

[Event "CZE-chT2E 1819"]
[Site "Czech Republic"]
[Date "2018.11.04"]
[Round "2.7"]
[White "Vyslouzil, Lukas"]
[Black "Bednar, Jaromir"]
[Result "1-0"]
[WhiteElo "1838"]
[BlackElo "2282"]
[PlyCount "90"]
[EventDate "2018.10.14"]
[EventType "team-tourn"]
[EventRounds "11"]
[EventCountry "CZE"]
[SourceTitle "EXT 2022"]
[Source "ChessBase"]
[SourceDate "2021.10.06"]
[SourceVersion "1"]
[SourceVersionDate "2021.10.06"]
[SourceQuality "1"]
[WhiteTeam "Grygov"]
[BlackTeam "Vlcnov"]
[WhiteTeamCountry "CZE"]
[BlackTeamCountry "CZE"]

1. e4 d5 2. exd5 Nf6 3. c4 c6 4. Nc3 cxd5 5. d4 e6 6. Nf3 Be7 7. cxd5 Nxd5 8. Bd3 Nc6 9. 0-0 0-0 10. a3 Bf6 11. Bc2 Nxc3 12. bxc3 b6 13. Qd3 g6 14. Bh6 Re8 15. Qe4 Bb7 16. Ba4 Rc8 17. Qf4 Bg7 18. Ng5 Bf6 19. Ne4 Be7 20. Bg5 f5 21. Bxe7 Rxe7 22. Nd6 Qc7 23. Bxc6 Bxc6 24. Nxc8 Qxf4 25. Nxe7+ Kg7 26. Nxc6 h5 27. Ne5 Kf6 28. Rfd1 g5 29. c4 h4 30. a4 g4 31. Ra3 Qg5 32. Kf1 f4 33. h3 g3 34. fxg3 fxg3 35. Rf3+ Ke7 36. Ke2 Qh5 37. Rdf1 Kd8 38. Ke1 Kc8 39. Rf7 Qh6 40. Rf8+ Kb7 41. R1f7+ Ka6 42. Ra8 Qe3+ 43. Kf1 Qc1+ 44. Ke2 Ka5 45. Raxa7+ Kb4 1-0

[Event "SVK-chT2C 1718"]
[Site "Slovakia"]
[Date "2018.03.18"]
[Round "11.1"]
[White "Bednar, Jaromir"]
[Black "Zvarik, Martin"]
[Result "1-0"]
[WhiteElo "2253"]
[BlackElo "2297"]
[PlyCount "97"]
[EventDate "2017.10.28"]
[EventType "team-tourn"]
[EventRounds "11"]
[EventCountry "SVK"]
[SourceTitle "EXT 2020"]
[Source "ChessBase"]
[SourceDate "2019.10.17"]
[SourceVersion "1"]
[SourceVersionDate "2019.10.17"]
[SourceQuality "1"]
[WhiteTeam "Liptovska Stiavnica"]
[BlackTeam "Zilina Mladost II"]
[WhiteTeamCountry "SVK"]
[BlackTeamCountry "SVK"]

1. e4 e5 2. Nf3 Nc6 3. Nc3 d6 4. Bb5 a6 5. Bxc6+ bxc6 6. d4 exd4 7. Nxd4 Bd7 8. 0-0 Ne7 9. f4 Ng6 10. f5 Ne5 11. Bf4 Be7 12. Bxe5 dxe5 13. Nf3 Bd6 14. Qd3 h5 15. g3 Rh6 16. Rad1 Rf6 17. h3 Qe7 18. Kg2 Bc8 19. g4 hxg4 20. hxg4 Rh6 21. Rh1 Bb7 22. Rxh6 gxh6 23. Qe3 Qf6 24. Rh1 Bf8 25. Rd1 Qe7 26. Qd3 Bg7 27. Qc4 a5 28. a3 Bf8 29. Na4 Rd8 30. Rxd8+ Kxd8 31. b4 axb4 32. axb4 Qf6 33. Nc5 Bc8 34. Nd3 Bd6 35. Qxc6 Qg7 36. Kh3 h5 37. gxh5 Qh6 38. Kg4 Ke7 39. Qa8 Qg7+ 40. Kh3 Qh8 41. Kh4 Kf6 42. Ndxe5 Kg7 43. Qd5 Be7+ 44. Kg4 Qg8 45. Kf4 Bd6 46. Ke3 Qe8 47. h6+ Kf6 48. h7 Qe7 49. h8B# 1-0

[Event "SVK-chT1E 1617"]
[Site "Slovakia"]
[Date "2017.03.18"]
[Round "10.1"]
[White "Holecko, Rastislav"]
[Black "Bednar, Jaromir"]
[Result "1/2-1/2"]
[WhiteElo "2236"]
[BlackElo "2250"]
[PlyCount "30"]
[EventDate "2016.10.15"]
[EventType "team-tourn"]
[EventRounds "11"]
[EventCountry "SVK"]
[SourceTitle "EXT 2019"]
[Source "ChessBase"]
[SourceDate "2018.10.10"]
[SourceVersion "1"]
[SourceVersionDate "2018.10.10"]
[SourceQuality "1"]
[WhiteTeam "Michalovce Zemplin"]
[BlackTeam "Liptovska Stiavnica"]
[WhiteTeamCountry "SVK"]
[BlackTeamCountry "SVK"]

1. e4 d5 2. exd5 Nf6 3. d4 Nxd5 4. c4 Nb6 5. Nf3 g6 6. Nc3 Bg7 7. c5 Nd5 8. Bc4 c6 9. Qb3 0-0 10. 0-0 Nxc3 11. bxc3 b5 12. cxb6 axb6 13. Ng5 e6 14. Re1 Re8 15. Bf4 b5 1/2-1/2

[Event "SVK-chT1E 1617"]
[Site "Slovakia"]
[Date "2016.12.10"]
[Round "5.1"]
[White "Macko, Michal"]
[Black "Bednar, Jaromir"]
[Result "1/2-1/2"]
[WhiteElo "2166"]
[BlackElo "2250"]
[PlyCount "35"]
[EventDate "2016.10.15"]
[EventType "team-tourn"]
[EventRounds "11"]
[EventCountry "SVK"]
[SourceTitle "EXT 2018"]
[Source "ChessBase"]
[SourceDate "2017.10.13"]
[SourceVersion "1"]
[SourceVersionDate "2017.10.13"]
[SourceQuality "1"]
[WhiteTeam "Liptov Chess School II"]
[BlackTeam "Liptovska Stiavnica"]
[WhiteTeamCountry "SVK"]
[BlackTeamCountry "SVK"]

1. e4 c5 2. Nc3 e6 3. f4 a6 4. Nf3 Nc6 5. g3 d5 6. d3 b5 7. exd5 exd5 8. Bg2 Nf6 9. 0-0 Be7 10. Ne5 Bb7 11. Nxc6 Bxc6 12. d4 0-0 13. Kh1 b4 14. Ne2 Bb5 15. Be3 Ng4 16. Bg1 cxd4 17. Bxd4 Bf6 18. Bf3 1/2-1/2

[Event "SVK-chT1E 1617"]
[Site "Slovakia"]
[Date "2016.10.16"]
[Round "2.2"]
[White "Ligart, Tamas"]
[Black "Bednar, Jaromir"]
[Result "1-0"]
[WhiteElo "2196"]
[BlackElo "2250"]
[PlyCount "67"]
[EventDate "2016.10.15"]
[EventType "team-tourn"]
[EventRounds "11"]
[EventCountry "SVK"]
[SourceTitle "CBM 175 Extra"]
[Source "ChessBase"]
[SourceDate "2016.12.12"]
[SourceVersion "1"]
[SourceVersionDate "2016.12.12"]
[SourceQuality "1"]
[WhiteTeam "Jelsava Magnezit"]
[BlackTeam "Liptovska Stiavnica"]
[WhiteTeamCountry "SVK"]
[BlackTeamCountry "SVK"]

1. e4 c6 2. d4 d5 3. Nd2 dxe4 4. Nxe4 Nf6 5. Nxf6+ exf6 6. c3 Bd6 7. Bd3 0-0 8. Qc2 Re8+ 9. Ne2 g6 10. Be3 f5 11. 0-0-0 Nd7 12. h4 Qa5 13. h5 Nf6 14. hxg6 hxg6 15. Bg5 Be7 16. Bc4 b5 17. Bb3 Qc7 18. Kb1 a5 19. a3 Ne4 20. Bxf7+ Kg7 21. Bf4 Bd6 22. Bxd6 Nxd6 23. Bxe8 Nxe8 24. Qd2 f4 25. d5 Bf5+ 26. Ka1 c5 27. Nxf4 b4 28. Ne6+ Bxe6 29. dxe6 bxa3 30. bxa3 Qe5 31. Qd7+ Kf6 32. Qf7+ Kg5 33. f4+ Qxf4 34. Rd5+ 1-0

[Event "CZE-chT2E 1516"]
[Site "Czech Republic"]
[Date "2016.02.21"]
[Round "8.2"]
[White "Bednar, Jaromir"]
[Black "Kratochvil, Josef"]
[Result "1/2-1/2"]
[WhiteElo "2267"]
[BlackElo "2268"]
[PlyCount "20"]
[EventDate "2015.10.18"]
[EventType "team-tourn"]
[EventRounds "11"]
[EventCountry "CZE"]
[SourceTitle "EXT 2022"]
[Source "ChessBase"]
[SourceDate "2021.10.06"]
[SourceVersion "1"]
[SourceVersionDate "2021.10.06"]
[SourceQuality "1"]
[WhiteTeam "Dalesice Pivovar"]
[BlackTeam "Lipovec Garde"]
[WhiteTeamCountry "CZE"]
[BlackTeamCountry "CZE"]

1. Nf3 d5 2. c4 c6 3. g3 Nf6 4. Bg2 Bf5 5. 0-0 e6 6. d3 h6 7. Nbd2 Be7 8. b3 0-0 9. Bb2 Nbd7 10. Re1 Bh7 1/2-1/2

[Event "SVK-chT2C 1415"]
[Site "Slovakia"]
[Date "2015.03.07"]
[Round "10.2"]
[White "Bednar, Jaromir"]
[Black "Holeczy, Martin"]
[Result "1-0"]
[WhiteElo "2249"]
[BlackElo "2041"]
[PlyCount "63"]
[EventDate "2014.10.11"]
[EventType "team-tourn"]
[EventRounds "11"]
[EventCountry "SVK"]
[SourceTitle "EXT 2016"]
[Source "ChessBase"]
[SourceDate "2015.10.08"]
[SourceVersion "1"]
[SourceVersionDate "2015.10.08"]
[SourceQuality "1"]
[WhiteTeam "Liptovska Stiavnica"]
[BlackTeam "Banska Bystrica Veza"]
[WhiteTeamCountry "SVK"]
[BlackTeamCountry "SVK"]

1. e4 c5 2. Nf3 d6 3. c3 Nf6 4. Be2 Nc6 5. d3 e6 6. Nbd2 Be7 7. 0-0 0-0 8. d4 Qc7 9. a3 a5 10. Bd3 b6 11. Qe2 Re8 12. Re1 Bb7 13. e5 dxe5 14. dxe5 Nd7 15. a4 Red8 16. Nc4 Nf8 17. h4 h6 18. h5 Rd7 19. Bf4 Ba6 20. Rad1 Bxc4 21. Bxc4 Rad8 22. Rxd7 Qxd7 23. Bb5 Qc7 24. Nd2 Na7 25. Bd3 Qd7 26. Bc2 Rb8 27. Ne4 b5 28. Nf6+ Bxf6 29. exf6 e5 30. fxg7 exf4 31. gxf8Q+ Kxf8 32. Qe5 1-0